000 00483nam a2200169 i 4500
001 44890
003 ES-MaACL
005 20230906161120.0
007 t|
008 030324s1972 fr ||||1| fre d
100 1 _aClouzot, Claire.
_939305
245 1 3 _aLe cinéma français depuis la nouvelle vague /
_cClaire Clouzot.
260 _a[Bourges] :
_bFernand Nathan,
_c[1972]
300 _a206 p. :
_bil. ;
_c21 cm.
650 4 _aCine-
_zFrancia.
_9171026
852 _aES-MaACL
_jE-5392
999 _c44890
_d44890